000 00969nas a2200289 4500
001 BR8300761
003 BR-BrBNA
005 20231205085435.0
007 ta
008 230509b bl.|||p| |||| 00| 00por d
040 _aBR-BrBNA
_bpor
_cBiblioteca Nacional de Agricultura
041 _a(Pt)
072 _aF22
100 1 _aPereira, F.A.M.
100 1 _aMedina, B.F.
100 1 _aGheyi, H.R.
100 1 _aEtchevers, J.D.
245 1 _aSolos afetados por sais no nordeste, 2: correlacao entre sodio soluvel e intercambiavel [Brasil]
_bParte de tese
246 1 _aSalt affected soils of northeast Brazil, 2: correlation between soluble and exchangeable sodium [Brazil]
650 _aADSORCAO
650 _aSOLO
650 _aSODIO
650 _aREGIAO NORDESTE
773 0 _tRevista Brasileira de Ciencia do Solo (Brazil)
_xISSN 0100-0683
_g(Sep 1982), v. 6(3) p. 167-170
_wBR8300761
909 _a202311
_bLúcia
_c55
_dLúcia Elande
942 _2AGRIS
_n0
_cANA
999 _c111456
_d111456